000 00688nam a2200193Ia 4500
003 GCL
008 140319s9999 xx 000 0 ara d
040 _aGCL /
_cGCL
082 0 4 _a339.50
_bع ج
100 1 _aعبدالحميد الغزالى
245 1 0 _aحول المنهج الاسلامى فى التنمية الاقتصادية /
_cعبدالحميد الغزالى
260 _a[S.N] :
_bدار الوفاء للطباعة والنشر والتوزيع ،
_c1989
300 _a112 ص
490 _a
650 0 4 _aالاقتصاد الاسلامى
650 0 4 _aالتنمية الاقتصادية
650 0 4 _aعلم الاقتصاد الاسلامى
942 _2ddc
_cBK
999 _c32207
_d32207